[Event "AUTO-ADV-4849"]
[Site "http://www.queenalice.com/game.php?id=1860918"]
[Date "2025.8.1"]
[Round "2"]
[White "rockaudrey"]
[Black "Quique68"]
[Result "1-0"]
[WhiteElo "2157"]
[BlackElo "2066"]

1. e4 e5 2. Nf3 Nf6 3. Nc3 Nc6 4. d4 exd4 5. Nxd4 Bb4 6. Nxc6 bxc6 7. Bd3 O-O 8.
O-O h6 9. e5 Bxc3 10. bxc3 Nd5 11. h3 Nxc3 12. Qf3 Rb8 13. Qg3 Kh8 14. Bd2 Nb5
15. Rab1 Bb7 16. Rb3 Ba8 17. Rb4 d6 18. Bxh6 1-0

[Event "AUTO-ADV-4849"]
[Site "http://www.queenalice.com/game.php?id=1860919"]
[Date "2025.8.1"]
[Round "2"]
[White "Quique68"]
[Black "rockaudrey"]
[Result "0-1"]
[WhiteElo "2045"]
[BlackElo "2142"]

1. d4 Nf6 2. c4 e6 3. g3 Bb4+ 4. Nc3 O-O 5. Bg2 d5 6. cxd5 exd5 7. Qb3 c5 8.
dxc5 Bxc5 9. Nxd5 Nc6 10. Nf3 Qxd5 0-1

[Event "AUTO-ADV-4849"]
[Site "http://www.queenalice.com/game.php?id=1860920"]
[Date "2025.8.1"]
[Round "2"]
[White "rockaudrey"]
[Black "JailtonMaster"]
[Result "1-0"]
[WhiteElo "2173"]
[BlackElo "2020"]

1. e4 c5 2. Nf3 d6 3. d4 cxd4 4. Nxd4 Nf6 5. Nc3 a6 6. Bg5 e6 7. f4 Nbd7 8. Qf3
Qc7 9. O-O-O Be7 10. g4 b5 11. Bxf6 Nxf6 12. g5 Nd7 13. f5 Bxg5+ 14. Kb1 Ne5 15.
Qh5 Qd8 16. h4 Bf6 17. fxe6 O-O 18. Bh3 g6 19. exf7+ Rxf7 20. Qe2 Bxh3 21. Rxh3
Qc8 22. Qg2 h5 23. Nf5 Nc4 24. Nh6+ Kg7 25. Nxf7 Kxf7 26. Rf3 Qe6 27. Nd5 1-0

[Event "AUTO-ADV-4849"]
[Site "http://www.queenalice.com/game.php?id=1860921"]
[Date "2025.8.1"]
[Round "2"]
[White "JailtonMaster"]
[Black "rockaudrey"]
[Result "0-1"]
[WhiteElo "2163"]
[BlackElo "2208"]

1. e4 c5 2. Nf3 d6 3. d4 cxd4 4. Nxd4 Nf6 5. Nc3 e5 6. Nb3 a6 7. Bg5 Be7 8. Be2
Be6 9. O-O Nbd7 10. f4 exf4 11. Bxf4 Nb6 12. Nd4 Bc4 13. Bxc4 Nxc4 14. b3 Ne5
15. Qe2 O-O 16. Nf5 Re8 17. Nxe7+ Qxe7 18. Rad1 b5 19. Bg5 Neg4 20. h3 Qe5 21.
hxg4 Qxg5 22. Qf3 Nxg4 23. Qxf7+ Kh8 24. Rd3 Qc5+ 25. Kh1 Ne5 26. Qd5 Nxd3 27.
Qxd3 Re6 28. g3 Rh6+ 29. Kg2 Qh5 30. Ne2 Qh2+ 31. Kf3 Rf8+ 32. Nf4 Rxf4+ 33.
Kxf4 Rf6+ 34. Kg4 Rg6+ 35. Kf4 Rf6+ 36. Kg4 Rg6+ 37. Kf4 Qg2 38. Rf3 Rf6+ 39.
Kg4 h5+ 0-1

[Event "AUTO-OPEN-4608"]
[Site "http://www.queenalice.com/game.php?id=1861333"]
[Date "2025.8.9"]
[Round "1"]
[White "josebaron"]
[Black "rockaudrey"]
[Result "1/2-1/2"]
[WhiteElo "2164"]
[BlackElo "2185"]

1. e4 c5 2. Nf3 d6 3. Bb5+ Nc6 4. Bxc6+ bxc6 5. O-O Nf6 6. Re1 g6 7. d4 cxd4 8.
Nxd4 Bb7 9. Nf3 Bg7 10. c3 O-O 11. a4 c5 12. h3 Bxe4 13. Nbd2 Bb7 14. Qb3 Rb8
15. Qd1 d5 16. Nb3 Qc7 17. Bg5 h6 18. Bh4 Ne4 19. Nfd2 Nxd2 20. Nxd2 e5 21. Bg3
Ba6 22. Nf3 Rfe8 23. Qxd5 1/2-1/2

[Event "AUTO-OPEN-4608"]
[Site "http://www.queenalice.com/game.php?id=1861334"]
[Date "2025.8.9"]
[Round "1"]
[White "rockaudrey"]
[Black "josebaron"]
[Result "1/2-1/2"]
[WhiteElo "2186"]
[BlackElo "2163"]

1. e4 e5 2. Nf3 Nc6 3. d4 exd4 4. Bc4 Be7 5. Nxd4 Nf6 6. Nc3 Ne5 7. Bb3 d6 8.
O-O O-O 9. f4 Nc6 10. Be3 Nxd4 11. Bxd4 Be6 12. f5 Bxb3 13. axb3 a6 14. Qf3 c6
15. Rfd1 Re8 16. e5 dxe5 17. Bxe5 Qc8 18. Kh1 Nd7 19. Bf4 Bf6 20. Ne4 Be5 21.
Bxe5 Rxe5 22. h3 Nf6 23. Nxf6+ gxf6 24. Qg4+ 1/2-1/2

[Event "AUTO-OPEN-4608"]
[Site "http://www.queenalice.com/game.php?id=1861358"]
[Date "2025.8.9"]
[Round "1"]
[White "rockaudrey"]
[Black "WoodpusherKid"]
[Result "0-1"]
[WhiteElo "2231"]
[BlackElo "2521"]

1. e4 e5 2. Nf3 Nc6 3. d4 exd4 4. Bc4 Bb4+ 5. c3 dxc3 6. bxc3 Ba5 7. O-O Bb6 8.
e5 Nge7 9. Ba3 O-O 10. Re1 d5 11. exd6 cxd6 12. Qxd6 Ng6 13. Nbd2 Na5 14. Bd3
Qxd6 15. Bxd6 Rd8 16. Bxg6 fxg6 17. Bb4 Bf5 18. Re7 Nc6 19. Rxb7 Bc8 20. Rxb6
axb6 21. a3 Nxb4 22. cxb4 Rd3 23. Nc4 Bg4 24. Nfe5 Rd4 25. h3 Rd1+ 26. Rxd1 Bxd1
27. Nxb6 Rxa3 28. Nd5 Bb3 29. Nf4 g5 30. Nfd3 Ra1+ 31. Kh2 Bd5 32. Kg3 h6 33. f3
Ra2 34. b5 Ra5 35. b6 Rb5 36. Nd7 Kf7 37. N7e5+ Ke6 38. h4 Kf5 39. hxg5 Kxg5 40.
Nf4 Bg8 41. Nd7 Bc4 42. Nh3+ Kf5 43. b7 Rxb7 44. Nc5 Rb2 45. Nf4 Bf1 46. Ne4 g5
47. Nh3 Rxg2# 0-1

[Event "AUTO-OPEN-4608"]
[Site "http://www.queenalice.com/game.php?id=1861373"]
[Date "2025.8.9"]
[Round "1"]
[White "rockaudrey"]
[Black "pomar"]
[Result "1-0"]
[WhiteElo "2219"]
[BlackElo "1876"]

1. e4 e6 2. Nf3 c5 3. b3 Nc6 4. Bb2 Nf6 5. e5 Nd5 6. c4 Ndb4 7. a3 Na6 8. Be2
Qc7 9. O-O Be7 10. Nc3 Nxe5 11. Nb5 Qb8 12. Bxe5 d6 13. Bxg7 Rg8 14. Bh6 Rg6 15.
Be3 d5 16. d4 cxd4 17. Bxd4 Nc7 18. Ne5 Rh6 19. Qd2 Bf8 20. Nd6+ Ke7 21. Nxc8+
Qxc8 22. Ng4 Rg6 23. Qf4 f5 24. Ne5 Bh6 25. Nxg6+ Kf7 26. Ne5+ Ke8 27. Qxh6 dxc4
28. Bxc4 Nd5 29. Qxh7 a6 30. Qf7+ Kd8 31. Bxd5 exd5 32. Rac1 Qb8 33. Qf8# 1-0

[Event "AUTO-OPEN-4608"]
[Site "http://www.queenalice.com/game.php?id=1861374"]
[Date "2025.8.9"]
[Round "1"]
[White "pomar"]
[Black "rockaudrey"]
[Result "0-1"]
[WhiteElo "1852"]
[BlackElo "2237"]

1. f3 d5 2. Kf2 Nf6 3. e3 e5 4. d4 Bd6 5. c4 b6 6. Nc3 Bb7 7. cxd5 O-O 8. dxe5
Bxe5 9. Bd3 Bxc3 10. bxc3 Qxd5 11. Ba3 Rd8 12. Be2 Ng4+ 13. Kg3 Qe5+ 14. Kxg4
Rxd1 15. Rxd1 Nc6 16. Bb2 Ne7 17. Rd2 h5+ 18. Kh3 Re8 19. e4 Bc8+ 20. g4 Qf4 21.
Bc1 hxg4+ 22. fxg4 Qxe4 23. Bf3 Bxg4+ 24. Bxg4 Qxh1 25. Rd1 Qc6 26. Bd2 Ng6 27.
Nf3 Qf6 28. c4 Ne5 29. Bc3 Qh6+ 30. Kg3 Nxf3 31. Bxf3 Qg5+ 32. Kf2 Qe3+ 33. Kg2
Qxc3 34. Bd5 Qc2+ 35. Kh3 Qxd1 0-1

[Event "AUTO-OPEN-4610"]
[Site "http://www.queenalice.com/game.php?id=1861761"]
[Date "2025.8.18"]
[Round "1"]
[White "maurice916"]
[Black "rockaudrey"]
[Result "0-1"]
[WhiteElo "1834"]
[BlackElo "2238"]

1. Nf3 Nf6 2. b3 d5 3. Bb2 e6 4. e3 c5 5. Bb5+ Bd7 6. Bxd7+ Nbxd7 7. O-O Be7 8.
c4 O-O 9. cxd5 exd5 10. d4 Ne4 11. Nbd2 Ndf6 12. Rc1 Rc8 13. Ne5 Bd6 14. f4 Nxd2
15. Qxd2 Ne4 16. Qe2 f5 17. Qb5 Qe7 18. dxc5 Nxc5 19. b4 a6 20. Qe2 Ne4 21. a3
Bxe5 22. fxe5 b5 23. Qd3 Qe6 24. h4 Rc4 25. Rf3 Rfc8 26. Rxc4 bxc4 27. Qe2 c3
28. Bc1 Rc6 29. Qd3 Qxe5 30. b5 axb5 31. Qxb5 Re6 32. a4 Ng3 33. Kf2 Ne4+ 34.
Ke2 Nd6 35. Qb8+ Re8 36. Qb6 f4 37. a5 Nf5 38. Kf2 fxe3+ 39. Bxe3 d4 40. Bxd4
Qe1# 0-1

[Event "AUTO-OPEN-4610"]
[Site "http://www.queenalice.com/game.php?id=1861787"]
[Date "2025.8.18"]
[Round "1"]
[White "rockaudrey"]
[Black "game"]
[Result "1-0"]
[WhiteElo "2207"]
[BlackElo "1693"]

1. e4 c5 2. Nf3 Nc6 3. b4 cxb4 4. d4 e6 5. d5 Na5 6. Be2 exd5 7. Qxd5 Nf6 8. Qd3
Ng4 9. Bg5 Qb6 10. O-O Qc7 11. Nbd2 Bd6 12. e5 Nxe5 13. Qe4 O-O 14. Rac1 Re8 15.
Qh4 Nxf3+ 16. Bxf3 Bc5 17. Ne4 Nc4 18. Nf6+ gxf6 19. Bxf6 d6 20. Qh6 Bd4 21.
Qg7# 1-0

[Event "AUTO-OPEN-4610"]
[Site "http://www.queenalice.com/game.php?id=1861788"]
[Date "2025.8.18"]
[Round "1"]
[White "game"]
[Black "rockaudrey"]
[Result "1-0"]
[WhiteElo "1669"]
[BlackElo "2243"]

1. e4 c5 2. Bc4 e6 3. d3 d5 4. exd5 exd5 5. Bb5+ Bd7 6. a4 Nf6 7. d4 Be7 8. Qf3
Bxb5 9. axb5 cxd4 10. Qg3 Nh5 11. Qg4 Nf6 12. Qxg7 Rg8 13. Qh6 Qa5+ 14. Rxa5
Bb4+ 15. Bd2 Bxa5 16. Qxf6 Nd7 17. Qxd4 Bb6 18. Qh4 Rxg2 19. Be3 Ba5+ 20. Nc3
Rg6 21. Qxh7 Ke7 22. Bd2 Re8 23. Kd1 Nf6 24. Qh4 Kd7 25. Nf3 Kc7 26. Qf4+ Kc8
27. Ne5 Rh6 28. Qxh6 Ng8 29. Qh3+ Kb8 30. Re1 Nf6 31. Nd7+ Ka8 32. Rxe8+ Nxe8
33. Nc5 Kb8 34. Bf4+ Bc7 35. Nxd5 Bxf4 36. Nxf4 Nd6 37. Nd5 a6 38. b6 f5 39.
Qh8+ Nc8 40. Nd7+ Ka8 41. Qxc8# 1-0

[Event "AUTO-OPEN-4610"]
[Site "http://www.queenalice.com/game.php?id=1861789"]
[Date "2025.8.18"]
[Round "1"]
[White "rockaudrey"]
[Black "harvir"]
[Result "1-0"]
[WhiteElo "2286"]
[BlackElo "1803"]

1. e4 e5 2. Nf3 Nc6 3. d4 exd4 4. Nxd4 Qh4 5. Nc3 Bb4 6. Nxc6 Qxe4+ 7. Qe2 Qxe2+
8. Bxe2 Bxc3+ 9. bxc3 dxc6 10. O-O Nf6 11. Ba3 Be6 12. Rfd1 Rd8 13. Bc5 Ne4 14.
Rxd8+ Kxd8 15. Rd1+ Kc8 16. Bd4 c5 17. Bxg7 Rg8 18. Be5 1-0

[Event "AUTO-OPEN-4610"]
[Site "http://www.queenalice.com/game.php?id=1861790"]
[Date "2025.8.18"]
[Round "1"]
[White "harvir"]
[Black "rockaudrey"]
[Result "0-1"]
[WhiteElo "1805"]
[BlackElo "2285"]

1. e4 c5 2. Nf3 d6 3. d4 cxd4 4. Nxd4 Nf6 5. Nc3 a6 6. Bg5 e6 7. f4 Qc7 8. Bd3
Be7 9. Qf3 Nbd7 10. O-O-O b5 11. e5 dxe5 12. fxe5 Bb7 13. Qg3 Qxe5 14. Qxe5 Nxe5
15. Rhe1 Nxd3+ 16. Rxd3 Bxg2 0-1

[Event "AUTO-ADV-4869"]
[Site "http://www.queenalice.com/game.php?id=1861857"]
[Date "2025.8.21"]
[Round "2"]
[White "altair"]
[Black "rockaudrey"]
[Result "0-1"]
[WhiteElo "1826"]
[BlackElo "2228"]

1. e4 c5 2. d3 Nc6 3. a3 Nf6 4. h3 e6 5. Nc3 Be7 6. Nf3 O-O 7. Be2 d6 8. O-O a6
9. d4 cxd4 10. Nxd4 Bd7 11. f4 Rc8 12. b4 Nxb4 13. Bb2 Qb6 14. Kh1 Rxc3 15. Bxc3
Nc6 16. Rb1 Qc7 17. f5 Ne5 18. Bd3 Qxc3 19. Rb3 Qc7 20. Qb1 Nxd3 21. cxd3 b5 22.
Rc1 Qb6 23. Nf3 exf5 24. e5 dxe5 25. Nxe5 Be6 26. Rc6 Qe3 27. d4 Bxb3 28. Qb2
Bd5 29. Rxa6 Qxh3+ 30. Kg1 Qe3+ 31. Kh1 Nh5 32. Ra5 Ng3+ 33. Kh2 Nf1+ 34. Kh1
Bh4 35. Rxb5 Ng3+ 36. Kh2 Ne2 37. Rxd5 Bg3+ 38. Kh3 Bxe5+ 39. Kh4 Qf4+ 0-1

[Event "AUTO-ADV-4869"]
[Site "http://www.queenalice.com/game.php?id=1861858"]
[Date "2025.8.21"]
[Round "2"]
[White "rockaudrey"]
[Black "Quique68"]
[Result "1-0"]
[WhiteElo "2257"]
[BlackElo "2103"]

1. e4 e5 2. Nf3 Nf6 3. Nc3 Nc6 4. d4 exd4 5. Nxd4 Bb4 6. Nxc6 bxc6 7. Bd3 d5 8.
exd5 cxd5 9. O-O O-O 10. Bg5 c6 11. h3 Be6 12. Qf3 Be7 13. Rfe1 Rb8 14. Na4 c5
15. b3 Qd7 16. Rad1 Qc7 17. Bf5 Qc8 18. Bxf6 Bxf6 19. Bxe6 fxe6 20. Qe3 Bd4 21.
Qxe6+ Qxe6 22. Rxe6 Rxf2 23. Rxd4 1-0

[Event "AUTO-ADV-4869"]
[Site "http://www.queenalice.com/game.php?id=1861859"]
[Date "2025.8.21"]
[Round "2"]
[White "Quique68"]
[Black "rockaudrey"]
[Result "0-1"]
[WhiteElo "2095"]
[BlackElo "2264"]

1. d4 Nf6 2. c4 e6 3. Nc3 Bb4 4. e3 b6 5. Ne2 Bb7 6. a3 Bxc3+ 7. Nxc3 O-O 8. Bd3
d5 9. O-O Nbd7 10. Bd2 Rc8 11. Rc1 c5 12. Nb5 a6 13. Nd6 Rc7 14. Nxb7 Rxb7 15.
cxd5 Nxd5 16. Bxa6 Rb8 17. dxc5 Nxc5 18. Bc4 Qe7 19. f3 Rfd8 20. Qe2 Qf6 21. b4
Nd7 22. g3 Qb2 23. e4 N5f6 24. Qe3 Ne5 25. Be2 Qxd2 0-1

[Event "AUTO-OPEN-4597"]
[Site "http://www.queenalice.com/game.php?id=1863281"]
[Date "2025.9.21"]
[Round "2"]
[White "rockaudrey"]
[Black "WoodpusherKid"]
[Result "1/2-1/2"]
[WhiteElo "2276"]
[BlackElo "2560"]

1. e4 e5 2. Nf3 Nc6 3. d4 exd4 4. Bc4 Bb4+ 5. c3 dxc3 6. bxc3 Ba5 7. O-O Bb6 8.
e5 Nge7 9. Ba3 O-O 10. Re1 h6 11. Bb3 Re8 12. Nbd2 Nf5 13. Nc4 d6 14. exd6 Rxe1+
15. Qxe1 cxd6 16. Rd1 Be6 17. Nxd6 Bxb3 18. axb3 Nxd6 19. Rxd6 Qf8 20. c4 Rd8
21. Rxd8 Qxd8 22. g3 Nd4 23. Nxd4 Qxd4 24. h4 Kh7 25. Kg2 Qd3 26. Qe5 f6 27. Qe6
Qxb3 28. Qe4+ Kh8 29. Qe8+ Kh7 30. Qe4+ f5 31. Qxf5+ Kh8 32. Qf8+ Kh7 33. Qf5+
Kh8 34. Qf8+ Kh7 35. Qf5+ 1/2-1/2

[Event "Treino 2/2025"]
[Site "http://www.queenalice.com/game.php?id=1864423"]
[Date "2025.10.17"]
[Round "-"]
[White "MarcosT"]
[Black "rockaudrey"]
[Result "0-1"]
[WhiteElo "2171"]
[BlackElo "2227"]

1. e4 e5 2. d4 Nc6 3. d5 Nce7 4. Nc3 Ng6 5. Nf3 Nf6 6. Bd3 Bc5 7. Be3 Bxe3 8.
fxe3 O-O 9. Qd2 c6 10. O-O-O b5 11. dxc6 dxc6 12. Qe2 Qa5 13. h3 b4 14. Nb1 Qxa2
15. Bc4 Qa5 16. Nbd2 Qa1+ 17. Nb1 Nxe4 18. Bxf7+ Rxf7 19. Rd8+ Nf8 20. Qc4 Be6
21. Rxf8+ Raxf8 22. Qxe6 Nc3 23. bxc3 bxc3 24. Qb3 e4 25. Ne5 Qb2+ 26. Kd1 Qxb1+
0-1

[Event "Treino 3/2025"]
[Site "http://www.queenalice.com/game.php?id=1864615"]
[Date "2025.10.21"]
[Round "-"]
[White "rockaudrey"]
[Black "MarcosT"]
[Result "1-0"]
[WhiteElo "2237"]
[BlackElo "2160"]

1. e4 e5 2. Nf3 Nf6 3. Bc4 Nxe4 4. d3 Nc5 5. Nxe5 d5 6. Qf3 Be6 7. Bb3 Qe7 8.
O-O Nbd7 9. Re1 Nxe5 10. Rxe5 c6 11. Nc3 Qd6 12. Bf4 Rd8 13. Rxd5 Bxd5 14. Bxd5
Qd7 15. Re1+ Be7 16. Bg5 O-O 17. Rxe7 Rde8 18. Bxf7+ Kh8 19. Rxe8 Rxe8 20. Bxe8
Qxe8 21. Qe3 1-0